00849nam a2200265Ia 450000500170000000800390001702000180005610000290007424500510010325000220015430000250017649000090020150000210021065000380023165000420026965000340031165000380034565000350038326400300041833600270044833700330047533800280050804000350053608400120057120220317000239.0141031s2008 s 0 sga d s sf spa a97884838351351 aGrandes, Almudenad1960-10aMalena es un nombre de tangocAlmudena Grandes aPrimera edición a761 páginasc19 cm aMaxi aIncluye índice142LEMBaNovela españolaySiglo XX142LEMBaLiteratura españolaySiglo XX142LEMBaNovela socialySiglo XX142LEMBaEsmeraldas en la literatura142LEMBaMujeres en la literatura aBarcelonabTusquetsc2008 atextobtxt2rdacontent asin mediaciónbn2rdamedia avolumenbnc2rdacarrier aCO-BoRNBPbspaerdacCO-BoRNBP aN GRA13